Cash Management Practices of Tricycle Operators and Drivers Associations (TODA) of Mainland Barangays in Binangonan, Rizal Calendar Year 2017 (Record no. 58549)

MARC details
000 -LEADER
fixed length control field 00978nam a22002297a 4500
003 - CONTROL NUMBER IDENTIFIER
control field URS
005 - DATE AND TIME OF LATEST TRANSACTION
control field 20220908132436.0
008 - FIXED-LENGTH DATA ELEMENTS--GENERAL INFORMATION
fixed length control field 220902b |||||||| |||| 00| 0 eng d
100 ## - MAIN ENTRY--PERSONAL NAME
9 (RLIN) 2220
Personal name Celestial, Eloisa Mae
Relator term author
245 ## - TITLE STATEMENT
Title <a href="Cash Management Practices of Tricycle Operators and Drivers Associations (TODA) of Mainland Barangays in Binangonan, Rizal Calendar Year 2017">Cash Management Practices of Tricycle Operators and Drivers Associations (TODA) of Mainland Barangays in Binangonan, Rizal Calendar Year 2017</a>
Statement of responsibility, etc Eloisa Mae Celestial, Ma. Christalyn Chuajap, John Carlo Sta. Maria
260 ## - PUBLICATION, DISTRIBUTION, ETC. (IMPRINT)
Date of publication, distribution, etc 2018
300 ## - PHYSICAL DESCRIPTION
Extent xv, 86 leaves
Dimensions 28 cm
336 ## - CONTENT TYPE
Source rdacontent
Content type term text
337 ## - MEDIA TYPE
Source rdamedia
Media type term unmediated
338 ## - CARRIER TYPE
Source rdacarrier
Carrier type term volume
502 ## - DISSERTATION NOTE
Dissertation note Thesis
Degree type Bachelor of Science in Business Administration Major in Financial Management
Name of granting institution University of Rizal System, Binangonan
Year degree granted 2018
504 ## - BIBLIOGRAPHY, ETC. NOTE
Bibliography, etc includes bibliographical references
700 ## - ADDED ENTRY--PERSONAL NAME
9 (RLIN) 2223
Personal name Chuajap, Ma. Christalyn
Relator term author
700 ## - ADDED ENTRY--PERSONAL NAME
9 (RLIN) 2222
Personal name Sta. Maria, John Carlo
Relator term author
700 ## - ADDED ENTRY--PERSONAL NAME
9 (RLIN) 1547
Personal name Gloria P. De Leon, MBA
Relator term adviser
942 ## - ADDED ENTRY ELEMENTS (KOHA)
Source of classification or shelving scheme Library of Congress Classification
Koha item type Theses and dissertations
Holdings
Withdrawn status Source of classification or shelving scheme Damaged status Not for loan Home library Current library Date acquired Total Checkouts Barcode Date last seen Price effective from Koha item type
  Library of Congress Classification     Binangonan College Library Binangonan College Library 09/02/2022   URSBIN-UGT2275 09/02/2022 09/02/2022 Theses and dissertations

University of Rizal System
Email us at univlibservices@urs.edu.ph

Visit our Website www.urs.edu.ph/library